biggest municipalities south holland (netherlands) - Statistics

General Stats
  • This quiz has been taken 17 times
  • The average score is 8 of 12
Answer Stats
Hint Answer % Correct
655.500 rotterdam
100%
553.500 the hague
100%
99.000 delft
94%
125.000 leiden
94%
126.000 zoetermeer
94%
71.000 gouda
75%
120.000 dordrecht
69%
76.000 schiedam
63%
73.000 alphen
56%
103.000 westland
50%
72.500 spijkenisse
13%
73.000 leidschendam-voorburg
6%
No matching quizzes found
Score Distribution
Percent of People with Each Score
Percentile by Number Answered
Your Score History
You have not taken this quiz